000 01263nac a2200277 a 4500
003 CO-PeBPM
005 20250730151116.0
007 ta
008 250730s2012 ck a|||| |||| 00| 0 spa d
020 _aISBN: 9789871217151
040 _aCO-PeBPM
_bspa
_cCO-PeBPM
_erda
041 _aspa
082 0 4 _a(i) 523.2 B248s
_222
100 1 _aBaredes, Carla
_eautora
245 1 0 _aEl sistema solar del 1 al 10
_c / Carla Baredes , Ileana Lotersztain
250 _atercera edición
260 _aBuenos Aires, Argentina
_b : Iamiqué
_c, 2012
300 _a24 páginas
_bilustraciones a color
_c21 centímetros
490 _aCiencia para contar
520 _a¿De qué están hechos los anillos de Saturno? ¿Cuántas veces caminó el Hombre en la Luna? ¿En qué planeta soplan los vientos más terribles? Recorre el Sistema Solar y descubre de qué está hecho el Sol, para qué sirve una estación espacial, qué son los asteroides, en qué se diferencia una estrella fugaz de un meteorito y quién fue el primer explorador de Marte...tomado de la contracubierta del libro
650 1 4 _aSistema solar
_2LEMB
650 1 4 _aPlanetas
_2LEMB
650 1 4 _aAstronomía para niños
_2LEMB
700 1 _aLotersztain, Ileana
_d, 1972-
_ecoautora
942 _2ddc
_cBK
_n0
999 _c61094
_d61094